Obálka Náhled e-knihy:
PDF Epub
Pro půjčování e-knih musíte být přihlášeni.
Jak si půjčit online?

Zachráněná /

Savannah Smithová měla všechno. Slávu, peníze, kariéru modelky – dokud jí jedna nehoda nevzala to, čeho si na sobě cenila nejvíce – krásu. Se zjizvenou tváří a zlomenou duší opouští lesk velkoměsta a přichází k otci do malého, ospalého městečka uprostřed kukuřičných polí. Savannah nenávidí všechno a...

Celý popis

Uloženo v:
Hlavní autor: Fortune, Rea (Autor)
Médium: E-kniha
Jazyk:Czech
Vydáno: Praha : Nakladatelství Solis s.r.o., 2025
Tagy:
Žádné tagy
LEADER 02070nam a22002297i 4500
001 312749
007 ta
008 260601s2025 xr ||||| |||| 00| 0 cze d
020 |a 9990004209534 
044 |a xr 
100 1 |a  Fortune, Rea  |4 aut 
245 1 0 |a Zachráněná /  |c  Fortune, Rea 
264 1 |a Praha :  |b Nakladatelství Solis s.r.o.,  |c 2025 
300 |a 1 online zdroj (265 stran) 
336 |a text  |b txt  |2 rdacontent 
337 |a bez média  |b n  |2 rdamedia 
338 |a online zdroj  |b cr  |2 rdacarrier 
520 2 |a Savannah Smithová měla všechno. Slávu, peníze, kariéru modelky – dokud jí jedna nehoda nevzala to, čeho si na sobě cenila nejvíce – krásu. Se zjizvenou tváří a zlomenou duší opouští lesk velkoměsta a přichází k otci do malého, ospalého městečka uprostřed kukuřičných polí. Savannah nenávidí všechno a všechny kolem sebe. Svého otce, svou sestru, svůj odraz v zrcadle. Utopená v trpkosti a sebelítosti poznává Rena Walkera, mladého automechanika s úsměvem, z něhož by roztála nejedna ženská duše. Ren se nenechá odradit jedovatým jazykem mladé modelky a ukáže jí, že její hodnota nezávisí ani na zrcadle, ani na názoru ostatních, především její despotické matky. Dokáže se Savannah postavit za sebe a najít lásku – nejen k Renovi, ale především k sobě samé?                    Horký romantický příběh o znovuobjevení sebehodnoty, síle sebepřijetí a o tom, že někdy musíte ztratit vše, abyste našli to, na čem opravdu záleží. 
910 |a RBIT002 
998 |d 420953  |a https://core.palmknihy.cz/api/books/420953/cover?sxsmkb  |b https://core.palmknihy.cz/api/books/420953/cover/400?sxsmkb  |c https://core.palmknihy.cz/api/books/420953/cover/50?sxsmkb  |e 2031-12-31  |g 265  |i 9990004209534  |j https://core.palmknihy.cz/api/books/420953/preview.epub  |k https://core.palmknihy.cz/api/books/420953/preview.pdf  |l   |q 49  |r 1  |s https://www.palmknihy.cz/kniha/420953  |t ebook  |y 2025  |z 1 
999 |d 312747